Environmental sanitation, wastewater treatment and disposal (Record no. 496)

000 -LEADER
fixed length control field 00680nam a22002417a 4500
001 - CONTROL NUMBER
control field 496
003 - CONTROL NUMBER IDENTIFIER
control field BD-DhUET
008 - FIXED-LENGTH DATA ELEMENTS--GENERAL INFORMATION
fixed length control field 140722b xxu||||| |||| 00| 0 eng d
020 ## - INTERNATIONAL STANDARD BOOK NUMBER
International Standard Book Number 9789848920169
040 ## - CATALOGING SOURCE
Transcribing agency 0
Modifying agency BD-DhUET
082 ## - DEWEY DECIMAL CLASSIFICATION NUMBER
Classification number 628
Item number TAN / 2013
100 ## - MAIN ENTRY--PERSONAL NAME
Personal name Tanveer Ferdous Saeed
245 ## - TITLE STATEMENT
Title Environmental sanitation, wastewater treatment and disposal
250 ## - EDITION STATEMENT
Edition statement 1st ed.
260 ## - PUBLICATION, DISTRIBUTION, ETC. (IMPRINT)
Place of publication, distribution, etc. Dhaka
Name of publisher, distributor, etc. University Grants Commission of Bangladesh
Date of publication, distribution, etc. 2013
300 ## - PHYSICAL DESCRIPTION
Extent xvi, 343p. :
504 ## - BIBLIOGRAPHY, ETC. NOTE
Bibliography, etc Includes bibliographies
650 #0 - SUBJECT ADDED ENTRY--TOPICAL TERM
Topical term or geographic name as entry element Environmental engineering
650 #0 - SUBJECT ADDED ENTRY--TOPICAL TERM
Topical term or geographic name as entry element Sanitation engineering
700 ## - ADDED ENTRY--PERSONAL NAME
Personal name Abdullah Al-Muyeed
700 ## - ADDED ENTRY--PERSONAL NAME
Personal name Tanvir Ahmed
942 ## - ADDED ENTRY ELEMENTS (KOHA)
Koha item type General Book
Holdings
Withdrawn status Damaged status Sublocation or collection (holding branch) Koha normalized classification for sorting Koha full call number Shelving location Source of classification or shelving scheme Price effective from Not for loan Piece designation (barcode) Koha date last seen Date acquired Koha issues (times borrowed) Koha item type Location (home branch) Copy number Koha date last borrowed Lost status
  Central Library, BUET628TAN2013628/TAN/2013Circulation section 2014-07-22 1124482014-07-222014-07-22 General BookCentral Library, BUET1  
  Central Library, BUET628TAN2013628/TAN/2013Circulation section 2014-07-22 1124492016-11-162014-07-22 General BookCentral Library, BUET2  
  Central Library, BUET628TAN2013628/TAN/2013Circulation section 2014-07-22 1124502014-07-222014-07-22 General BookCentral Library, BUET3  
  Central Library, BUET628TAN2013628/TAN/2013Circulation section 2014-07-22 1124512014-07-222014-07-22 General BookCentral Library, BUET4  
  Central Library, BUET628TAN2013628/TAN/2013Circulation section 2014-07-22 1124522014-07-222014-07-22 General BookCentral Library, BUET5  
  Central Library, BUET628TAN2013628/TAN/2013Circulation section 2014-07-22 1124532016-10-182014-07-22 General BookCentral Library, BUET6  
  Central Library, BUET628TAN2013628/TAN/2013Circulation section 2014-07-22 1124542016-01-182014-07-22 General BookCentral Library, BUET7  
  Central Library, BUET628TAN2013628/TAN/2013Circulation section 2014-07-22 1124552020-02-232014-07-221General BookCentral Library, BUET82020-02-18 
  Central Library, BUET628TAN2013628/TAN/2013Circulation section 2014-07-22 1124562014-07-222014-07-22 General BookCentral Library, BUET9  
  Central Library, BUET628TAN2013628/TAN/2013Circulation section 2014-07-22 1124572016-12-032014-07-22 General BookCentral Library, BUET10